Tiempo libre.

Guardado en:
Formato: Deslizar
Series:Encrucijadas 2000
Materias:
Etiquetas: Agregar Etiqueta
Sin Etiquetas, Sea el primero en etiquetar este registro!
LEADER 00991ngm a22002775g 4500
001 CEM.cems022545
008 130507b2001##################0###0#####d
005 20241106161946.0
245 0 0 |a Tiempo libre. 
300 |a 24'. 
490 0 |a Encrucijadas 2000 
500 |a En soporte VHS, consultar en ventanilla. 
505 0 |a El problema del empleo y el avance de la tecnología. Los desocupados y la precarización del empleo. Trabajo en negro. La cultura del ocio. Ocio creativo. Explotación del hombre por el hombre. La redistribución de la riqueza. 
538 |a Soporte: VHS - Norma: Pal N - Color: Si - Grabación DRD 2001 - Hitachi=0000 
082 3 0 |/ TIE 
653 |a EMPLEO 
653 |a DESEMPLEO 
653 |a DESOCUPACION 
653 |a TRABAJO 
653 |a SOCIOLOGIA 
653 |a OCIO 
653 |a TIEMPO LIBRE 
653 |a DESOCUPADOS 
653 |a SOCIEDAD 
653 |a NIVEL SECUNDARIO 
859 |a CEMS  |b BIB. CEMS - Depto. Recursos Didacticos  |h 301  |i TIE  |k DRD  |p 1188.12  |t Ej.1